Statistics for Population and area of "Stan" countries

Click here to take the quiz!

General Stats

  • This quiz has been taken 28 times
  • The average score is 13 of 14

Answer Stats

Population Country % Correct
207 774 520Pakistan
100%
34 124 811Afghanistan
100%
30 492 800Uzbekistan
100%
17 541 200Kazakhstan
96%
8 354 000Tajikistan
96%
5 895 062Kyrgyzstan
96%
2 724 910 km2Kazakhstan
96%
796 095 km2Pakistan
96%
652 090 km2Afghanistan
96%
5 171 943Turkmenistan
92%
488 100 km2Turkmenistan
92%
447 400 km2Uzbekistan
92%
199 951 km2Kyrgyzstan
92%
143 100 km2Tajikistan
92%

Score Distribution

Percentile by Number Answered

Percent of People with Each Score

Your Score History

You have not taken this quiz